<?xml version="1.0" encoding="UTF-8"?>
<record
    xmlns:xsi="http://www.w3.org/2001/XMLSchema-instance"
    xsi:schemaLocation="http://www.loc.gov/MARC21/slim http://www.loc.gov/standards/marcxml/schema/MARC21slim.xsd"
    xmlns="http://www.loc.gov/MARC21/slim">

  <leader>00777nas a2200169 i 4500</leader>
  <controlfield tag="001">185048</controlfield>
  <controlfield tag="003">ES-MaACL</controlfield>
  <controlfield tag="005">20250217134917.0</controlfield>
  <controlfield tag="008">160309d19141918sp  |         |    |spa d</controlfield>
  <datafield tag="245" ind1="0" ind2="0">
    <subfield code="a">Correspondencia alemana de la guerra : </subfield>
    <subfield code="b">se publica todos los d&#xED;as, adem&#xE1;s de los telegramas oficiales del teatro de operaciones, un resumen de los art&#xED;culos de fondo y otros de general inter&#xE9;s de la prensa diaria de Alemania, Austria-Hungr&#xED;a y de Turqu&#xED;a.</subfield>
  </datafield>
  <datafield tag="260" ind1=" " ind2=" ">
    <subfield code="a">Barcelona : </subfield>
    <subfield code="b">Servicio Alem&#xE1;n de Informaci&#xF3;n, </subfield>
    <subfield code="c">[1914-1918?]</subfield>
  </datafield>
  <datafield tag="300" ind1=" " ind2=" ">
    <subfield code="a">1 v. ; </subfield>
    <subfield code="c">28 cm.</subfield>
  </datafield>
  <datafield tag="650" ind1=" " ind2="4">
    <subfield code="a">Guerra mundial, 1914-1918.</subfield>
    <subfield code="9">13212</subfield>
  </datafield>
  <datafield tag="852" ind1="4" ind2=" ">
    <subfield code="a">ES-MaACL</subfield>
    <subfield code="j">1528-F-20   </subfield>
    <subfield code="x">- N. suelto aparecido dentro del folleto 1528-F-13</subfield>
  </datafield>
  <datafield tag="866" ind1=" " ind2="0">
    <subfield code="o">3 de agosto de 1916</subfield>
  </datafield>
  <datafield tag="999" ind1=" " ind2=" ">
    <subfield code="c">185048</subfield>
    <subfield code="d">185048</subfield>
  </datafield>
  <datafield tag="952" ind1=" " ind2=" ">
    <subfield code="0">0</subfield>
    <subfield code="1">0</subfield>
    <subfield code="4">0</subfield>
    <subfield code="7">0</subfield>
    <subfield code="8">Colecci&#xF3;n_de_folletos</subfield>
    <subfield code="a">ATENEOM</subfield>
    <subfield code="b">ATENEOM</subfield>
    <subfield code="c">DEPOF</subfield>
    <subfield code="d">2016-03-09</subfield>
    <subfield code="e">SC</subfield>
    <subfield code="l">0</subfield>
    <subfield code="o">1528-F-20</subfield>
    <subfield code="p">1194911</subfield>
    <subfield code="r">2023-02-23 00:00:00</subfield>
    <subfield code="w">2023-02-23</subfield>
    <subfield code="y">FOLLETOS</subfield>
  </datafield>
</record>
